Identifying Stock Market Bubbles Modeling Illiquidity Premium and Bid-Ask Prices of Financial Securities /

This book introduces readers to a new approach to identifying stock market bubbles by using the illiquidity premium, a parameter derived by employing conic finance theory. Further, it shows how to develop the closed form formulas of the bid and ask prices of European options by using Black-Scholes a...

Πλήρης περιγραφή

Λεπτομέρειες βιβλιογραφικής εγγραφής
Κύριος συγγραφέας: Karimov, Azar (Συγγραφέας)
Συγγραφή απο Οργανισμό/Αρχή: SpringerLink (Online service)
Μορφή: Ηλεκτρονική πηγή Ηλ. βιβλίο
Γλώσσα:English
Έκδοση: Cham : Springer International Publishing : Imprint: Springer, 2017.
Σειρά:Contributions to Management Science,
Θέματα:
Διαθέσιμο Online:Full Text via HEAL-Link
LEADER 03143nam a22004935i 4500
001 978-3-319-65009-8
003 DE-He213
005 20170929200930.0
007 cr nn 008mamaa
008 170929s2017 gw | s |||| 0|eng d
020 |a 9783319650098  |9 978-3-319-65009-8 
024 7 |a 10.1007/978-3-319-65009-8  |2 doi 
040 |d GrThAP 
100 1 |a Karimov, Azar.  |e author. 
245 1 0 |a Identifying Stock Market Bubbles  |h [electronic resource] :  |b Modeling Illiquidity Premium and Bid-Ask Prices of Financial Securities /  |c by Azar Karimov. 
264 1 |a Cham :  |b Springer International Publishing :  |b Imprint: Springer,  |c 2017. 
300 |a XXI, 131 p. 30 illus.  |b online resource. 
336 |a text  |b txt  |2 rdacontent 
337 |a computer  |b c  |2 rdamedia 
338 |a online resource  |b cr  |2 rdacarrier 
347 |a text file  |b PDF  |2 rda 
490 1 |a Contributions to Management Science,  |x 1431-1941 
505 0 |a Introduction -- Review on Research Conducted -- Theory of Conic Finance -- Stock Prices Follow a Brownian Motion -- Stock Prices Follow a Double Exponential Jump-Diffusion Model -- Numerical Implementation and Parameter Estimation Under Kou Model -- Illiquidity Premium and Connection with Financial Bubbles -- Conclusion and Future Outlook.    . 
520 |a This book introduces readers to a new approach to identifying stock market bubbles by using the illiquidity premium, a parameter derived by employing conic finance theory. Further, it shows how to develop the closed form formulas of the bid and ask prices of European options by using Black-Scholes and Kou models. By using the derived formulas and sliding windows technique, the book explains how to numerically calculate illiquidity premiums. The methods introduced here will enable readers interested in risk management, portfolio optimization and hedging in real-time to identify when asset prices are in a bubble state and when that bubble bursts. Moreover, the techniques discussed will allow them to accurately recognize periods of exuberance and panic, and to measure how different strategies work during these phases with respect to calmer periods of market behavior. A brief history of financial bubbles and an outlook on future developments serve to round out the coverage. 
650 0 |a Finance. 
650 0 |a Risk management. 
650 0 |a Financial engineering. 
650 0 |a Economics, Mathematical. 
650 0 |a Statistics. 
650 0 |a Macroeconomics. 
650 1 4 |a Finance. 
650 2 4 |a Risk Management. 
650 2 4 |a Operations Research/Decision Theory. 
650 2 4 |a Quantitative Finance. 
650 2 4 |a Macroeconomics/Monetary Economics//Financial Economics. 
650 2 4 |a Statistics for Business/Economics/Mathematical Finance/Insurance. 
650 2 4 |a Financial Engineering. 
710 2 |a SpringerLink (Online service) 
773 0 |t Springer eBooks 
776 0 8 |i Printed edition:  |z 9783319650081 
830 0 |a Contributions to Management Science,  |x 1431-1941 
856 4 0 |u http://dx.doi.org/10.1007/978-3-319-65009-8  |z Full Text via HEAL-Link 
912 |a ZDB-2-ECF 
950 |a Economics and Finance (Springer-41170)